Derechos de agua y acción colectiva

Guardat en:
Dades bibliogràfiques
Autor principal: Boelens, Rutgerd
Altres autors: Hoogendam, Paul
Format: Llibre
Idioma:espanyol
Publicat: Lima, Perú. Instituto de Estudios Peruanos. 2001
Matèries:
Etiquetes: Afegir etiqueta
Sense etiquetes, Sigues el primer a etiquetar aquest registre!

MARC

LEADER 00000cam a2200000 a 4500
001 UCF3144
003 CL-VaPUC
005 20221025074414.0
008 120927e20011200PE |||||||||||||||||spa|d
999 |c 349627  |d 349625 
020 |a 9789972510618 
040 |c Pontificia Universidad Católica de Valparaíso 
082 0 4 |a 346.98 BOE 2001  |2 21 
100 0 |a Boelens, Rutgerd  |9 565051 
245 1 0 |a Derechos de agua y acción colectiva 
260 0 3 |a Lima, Perú.  |b Instituto de Estudios Peruanos.  |c 2001 
300 |a 345 páginas 
583 |a last modification  |c 20120927 15:26:00  |k Rodrigo Vera 
650 7 |a DERECHOS DE AGUA  |2 CL-VaPUC  |9 565053 
650 0 |a Pueblos indígenas   |9 357564 
650 7 |a COMUNIDADES DE AGUAS  |2 CL-VaPUC  |9 388836 
700 0 |a Hoogendam, Paul  |9 565052 
942 |c BK  |2 ddc 
945 |d 20120927 00:00:00  |a dcastane 
952 |0 0  |1 0  |2 ddc  |4 0  |6 346_980000000000000_BOE_2001  |7 0  |8 A  |9 452326  |a BIBING  |b BIBING  |d 2019-11-22  |i 4910567  |o 346.98 BOE 2001  |p 4910567  |r 2025-01-20  |t 1  |w 2019-11-22  |y BK  |k GEO